عرض عادي
عرض مارك
- Papoulis, Athanasios,
مدخل إسم شخص
001 - رقم الضبط
- حقل الضبط: 39693
003 - معرف رقم الضبط
- حقل الضبط: OSt
005 - تاريخ ووقت أخر عملية
- حقل الضبط: 20131114145004.0
008 - عناصر بيانات ثابتة الطول
- حقل تحكم ثابت الطول: 131114|||a|||||| | ||| d
040 ## - مصدر الفهرسة
- هيئة الفهرسة الأصلية: OSt
- وكالة الكتابة: OSt
100 ## - مدخل -- أسم شخص
- إسم شخص: Papoulis, Athanasios,
- تواريخ مرتبطة بالاسم: 1921-
670 ## - بيانات المصدر موجوده
- الاستشهاد بالمصدر: Work cat.: (OSt)0: Papoulis, Athanasios, 1921-, Probability, random variables, and stochastic processes /, c2002.
